00227nam a2200085Ia 4500001000800000005001700008008004100025245004600066260002900112125044320251031150856.0251031s9999 xx 000 0 und d 0cREBECCA STEADaG-2 YALANCILAR VE CASUSLAR bKIRMIZI KEDİ YAYINLARI